000 00450cam a2200181ua 4500
001 9055
008 150220n ii |||gr||||Z||||||asm
040 _cMAIN
041 _aasm
082 _a784.1954162
100 _aChaliha, K. P.,
_eAuthor.
245 1 _aBihur badya jantra
_cBy Kirti Prasad Chaliha
250 _a1st.
260 _aDibrugarh:
_bKaustabh,
_c2012.
300 _a68p.
653 _aInstruments & instrumental ensembles
942 _cBK
999 _c8145
_d8145